[Event "Wch U10 rapid"]
[Site "Minsk"]
[Date "2018.06.22"]
[Round "3"]
[White "Royal, Shreyas"]
[Black "Chumak, Arsenii"]
[Result "1-0"]
[WhiteElo "1661"]
[BlackElo "1382"]
[PlyCount "164"]
[EventDate "2018.06.22"]
[EventType "swiss (rapid)"]
[EventRounds "9"]
[EventCountry "BLR"]
[SourceTitle "EXT 2019"]
[Source "ChessBase"]
[SourceDate "2018.10.10"]
[SourceVersion "1"]
[SourceVersionDate "2018.10.10"]
[SourceQuality "1"]

1. d4 Nf6 2. c4 g6 3. Nc3 Bg7 4. e4 0-0 5. Nge2 d6 6. Ng3 Nc6 7. d5 Ne5 8. Be2 c6 9. Bf4 Ned7 10. 0-0 cxd5 11. exd5 a5 12. Qd2 Nc5 13. Bh6 Bd7 14. Rae1 Re8 15. Bxg7 Kxg7 16. f4 Qb6 17. Kh1 Rac8 18. f5 a4 19. fxg6 hxg6 20. Rf3 Bg4 21. Rf4 Bxe2 22. Rxe2 Qd8 23. Ref2 Ncd7 24. Nge4 Rf8 25. Nxf6 Nxf6 26. Nxa4 Nd7 27. Qd4+ Ne5 28. b3 Qa5 29. Rf1 Qc7 30. Nb2 f6 31. Nd3 Qa5 32. R4f2 b5 33. Nxe5 dxe5 34. Qd3 bxc4 35. bxc4 Qc5 36. Rc2 Rcd8 37. Qe4 Rd7 38. Rb1 Rc7 39. h3 Rfc8 40. Rb3 Kf7 41. Rg3 Rg8 42. Qh4 Rg7 43. Qg4 Qb6 44. Kh2 f5 45. Qe2 e4 46. Rb3 Qd6+ 47. Kh1 Rg8 48. Qe3 Rgc8 49. Qd4 Rc5 50. a4 Ra8 51. Ra3 Raa5 52. Ra1 Ra8 53. Rca2 Rac8 54. Rc2 Rxd5 55. cxd5 Rxc2 56. a5 Rc8 57. a6 Ra8 58. a7 Qd7 59. Qc5 Qd6 60. Qc6 Qxc6 61. dxc6 Ke6 62. Rc1 Kd6 63. c7 Kd7 64. c8Q+ Rxc8 65. Rxc8 Kxc8 66. a8Q+ Kd7 67. Qb7+ Ke6 68. Kg1 Kf6 69. Kf2 e6 70. Ke3 Ke5 71. Qg7+ Kd6 72. Qxg6 Kd5 73. h4 Kd6 74. h5 Kd5 75. h6 f4+ 76. Kxf4 e5+ 77. Ke3 Kc4 78. Qxe4+ Kc5 79. h7 Kd6 80. h8Q Kc5 81. Qhxe5+ Kb6 82. Qb4+ Kc6 1-0